La lingua perduta delle gru /

Gespeichert in:
Bibliographische Detailangaben
1. Verfasser: Leavitt, David (Verfasst von)
Weitere Verfasser: Vezzoli, Delfina (Übersetzung)
Format: Buch
Sprache:Italienisch
Veröffentlicht: Milano : CDE, stampa 1987
Tags: Tag hinzufügen
Keine Tags, Fügen Sie das erste Tag hinzu!

MARC

LEADER 00000nam a22000007i 4500
001 IT\ICCU\CFI\0117214
003 ItRI
005 20251101210607.0
008 900312s1987 it |||||| ||||| |||||c
040 |b ita  |c ct 
041 7 |a ita  |2 ISO-639-2 
082 |a 813.54  |2 19 
100 1 |a Leavitt, David  |0 IT\ICCU\CFIV\008092  |4 aut 
240 1 4 |a The Lost Language of Cranes  |9 Leavitt, David 
245 1 3 |a La lingua perduta delle gru /  |c David Leavitt. 
260 |a Milano :  |b CDE,  |c stampa 1987 
300 |a 295 p. ;  |c 23 cm 
500 |a Trad. di Delfina Vezzoli. 
700 1 |a Vezzoli, Delfina  |0 IT\ICCU\CFIV\008093  |4 trl 
942 |2 ddc  |c BK  |n 0 
999 |c 8207  |d 8207